000
00420nam a2200145Ia 4500
008
100204s9999 xx 000 0 und d
082
_b
14854
100
_a
नाईक गुरुनाथ
245
_a
आघात
260
_b
"बांदोडकर पब्लिशिंग हाऊस, गोवा"
_c
1982
300
_a
240
630
_a
आघात
730
_a
आघात
942
_c
BOOK
999
_c
459285
_d
459282